Libro del consejo e de los consejeros / (Record no. 117566)

MARC details
000 -LEADER
campo de control de longitud fija 00831nam a2200241 i 4500
001 - NÚMERO DE CONTROL
campo de control 117566
003 - IDENTIFICADOR DE NÚMERO DE CONTROL
campo de control ES-MaACL
005 - FECHA Y HORA DE LA ÚLTIMA TRANSACCIÓN
campo de control 20250801063033.0
008 - DATOS DE LONGITUD FIJA--INFORMACIÓN GENERAL
campo de control de longitud fija 070214s1962 sp |||| | spa d
017 ## - NÚMERO DE COPYRIGHT O DE DEPÓSITO LEGAL
Número de copyright o de depósito legal Z 38-1962
Agencia que asigna Oficina Depósito Legal Zaragoza
080 ## - NÚMERO DE LA CLASIFICACIÓN DECIMAL UNIVERSAL
Número de la Clasificación Decimal Universal 821.134.2-342"13"
100 1# - ENTRADA PRINCIPAL--NOMBRE DE PERSONA
Nombre de persona Pedro, Maestre
Término indicativo de función/relación Autor
9 (RLIN) 89914
245 10 - MENCIÓN DEL TÍTULO
Título Libro del consejo e de los consejeros /
Mención de responsabilidad, etc. Maestre Pedro ; edición de Agapito Rey
260 ## - PUBLICACIÓN, DISTRIBUCIÓN, ETC.
Lugar de publicación, distribución, etc. Zaragoza :
Nombre del editor, distribuidor, etc. [s.n.],
Fecha de publicación, distribución, etc. 1962
Fabricante (Imp. Librería General)
300 ## - DESCRIPCIÓN FÍSICA
Extensión 84 páginas, 2 hojas ;
Dimensiones 20 cm
490 1# - MENCIÓN DE SERIE
Mención de serie Biblioteca del hispanista ;
Designación de volumen o secuencia 5
700 1# - ENTRADA AGREGADA--NOMBRE PERSONAL
Nombre de persona Rey, Agapito
Término indicativo de función/relación Editor literario
9 (RLIN) 96483
830 #0 - PUNTO DE ACCESO ADICIONAL DE SERIE-TÍTULO UNIFORME
Título uniforme Biblioteca del hispanista ;
Designación de volumen o secuencia 5
9 (RLIN) 185102
852 ## - LOCALIZACIÓN
Ubicación ES-MaACL
Ubicación en estantería Depósito 2
Número de control de estantería C-25053
942 ## - ELEMENTOS DE ENTRADA SECUNDARIOS (KOHA)
Fuente del sistema de clasificación o colocación Clasificación decimal universal
Tipo de ítem Koha Libro impreso
Suprimir en OPAC No
Holdings
Estatus retirado Estado de pérdida Estado de daño No para préstamo Biblioteca de origen Biblioteca actual Ubicación en estantería Fecha de adquisición Fuente de adquisición Total de préstamos Signatura topográfica completa Código de barras Visto por última vez Precio de reemplazo Tipo de ítem Koha
        Biblioteca del Ateneo de Madrid Biblioteca del Ateneo de Madrid Depósito 2 17/01/2008     C-25053 1122571 23/02/2023 23/02/2023 Libro impreso